[Event "Ïåðâåíñòâî Ìîñêâû ïî øàõìàòàì 2015 ñðåäè ìàëü÷èêîâ (Ì17)"]
[Site "Moscow"]
[Date "2015.11.13"]
[Round "2.7"]
[White "Ãåðìàí, Íèêèòà"]
[Black "Àëåêñååâ, Âàñèëèé"]
[Result "1-0"]
[WhiteElo "2061"]
[BlackElo "1629"]
[PlyCount "0"]
[EventDate "2015.11.12"]

1. e4 {[%clk 1:30:58]} e5 {[%clk 1:30:57]} 2. Nf3 {[%clk 1:31:19]} d5
{[%clk 1:31:18]} 3. exd5 {[%clk 1:30:24]} e4 {[%clk 1:31:01]} 4. Qe2
{[%clk 1:30:39]} Nf6 {[%clk 1:30:38]} 5. Nc3 {[%clk 1:30:51]} Be7
{[%clk 1:29:16]} 6. Nxe4 {[%clk 1:27:37]} O-O {[%clk 1:27:53]} 7. Nxf6+
{[%clk 1:18:32]} Bxf6 {[%clk 1:28:09]} 8. Qd3 {[%clk 1:18:54]} Re8+
{[%clk 1:20:48]} 9. Be2 {[%clk 1:18:36]} Qe7 {[%clk 1:18:48]} 10. h3
{[%clk 1:07:42]} Bf5 {[%clk 1:12:37]} 11. Qe3 {[%clk 1:07:11]} Qd7
{[%clk 1:01:25]} 12. Qb3 {[%clk 0:59:33]} Qe7 {[%clk 0:59:03]} 13. Qe3
{[%clk 0:41:43]} Qd7 {[%clk 0:52:11]} 14. Qc5 {[%clk 0:33:08]} Na6
{[%clk 0:37:09]} 15. Qc4 {[%clk 0:32:47]} Re4 {[%clk 0:36:44]} 16. d4
{[%clk 0:32:56]} Rae8 {[%clk 0:23:10]} 17. Be3 {[%clk 0:33:14]} h6
{[%clk 0:13:54]} 18. Bd3 {[%clk 0:27:07]} R4e7 {[%clk 0:07:39]} 19. Bxf5
{[%clk 0:26:48]} Qxf5 {[%clk 0:08:02]} 20. O-O {[%clk 0:27:08]} g5
{[%clk 0:07:20]} 21. Rfe1 {[%clk 0:26:26]} g4 {[%clk 0:06:47]} 22. hxg4
{[%clk 0:26:34]} Qxg4 {[%clk 0:05:55]} 23. Bxh6 {[%clk 0:26:35]} Bxd4
{[%clk 0:01:46]} 24. Rxe7 {[%clk 0:24:59]} Bxf2+ {[%clk 0:01:55]} 25. Kxf2
{[%clk 0:25:25]} Qxc4 {[%clk 0:02:04]} 26. Rxe8+ {[%clk 0:25:51]} Kh7
{[%clk 0:02:28]} 27. Rh1 {[%clk 0:25:54]} Qxc2+ {[%clk 0:02:19]} 28. Kg3
{[%clk 0:25:49]} Qg6+ {[%clk 0:02:27]} 29. Ng5+ {[%clk 0:26:14]} 1-0

[Event "Ïåðâåíñòâî Ìîñêâû ïî øàõìàòàì 2015 ñðåäè ìàëü÷èêîâ (Ì17)"]
[Site "Moscow"]
[Date "2015.11.13"]
[Round "2.8"]
[White "Êóçüìèí, Èâàí"]
[Black "Òåéèòáàåâ, Àêòèëåê"]
[Result "1-0"]
[WhiteElo "1774"]
[BlackElo "2029"]
[PlyCount "0"]
[EventDate "2015.11.12"]


1. d4 {[%clk 1:31:28]} Nf6 {[%clk 1:30:05]} 2. Nf3 {[%clk 1:31:46]} g6
{[%clk 1:29:49]} 3. Bg5 {[%clk 1:31:50]} Bg7 {[%clk 1:30:11]} 4. Nbd2
{[%clk 1:32:10]} d5 {[%clk 1:27:34]} 5. e3 {[%clk 1:31:41]} b6 {[%clk 1:22:03]}
6. Bb5+ {[%clk 1:31:18]} Bd7 {[%clk 1:14:13]} 7. Bd3 {[%clk 1:30:51]} c5
{[%clk 1:13:33]} 8. c3 {[%clk 1:30:34]} Nc6 {[%clk 1:11:43]} 9. O-O
{[%clk 1:30:26]} O-O {[%clk 1:10:28]} 10. Qe2 {[%clk 1:27:52]} Qc7
{[%clk 1:00:30]} 11. Rad1 {[%clk 1:26:09]} Rfe8 {[%clk 0:57:57]} 12. Bf4
{[%clk 1:25:22]} Qd8 {[%clk 0:56:45]} 13. Rfe1 {[%clk 1:23:22]} a5
{[%clk 0:51:32]} 14. Bb5 {[%clk 1:00:47]} e6 {[%clk 0:43:44]} 15. Bd6
{[%clk 0:57:58]} cxd4 {[%clk 0:39:23]} 16. exd4 {[%clk 0:53:03]} Na7
{[%clk 0:37:11]} 17. Bxd7 {[%clk 0:47:10]} Qxd7 {[%clk 0:37:23]} 18. Ba3
{[%clk 0:46:27]} Rec8 {[%clk 0:30:50]} 19. Ne5 {[%clk 0:46:04]} Qe8
{[%clk 0:31:06]} 20. c4 {[%clk 0:43:39]} Nc6 {[%clk 0:19:59]} 21. Ndf3
{[%clk 0:42:24]} Rab8 {[%clk 0:18:33]} 22. Ng5 {[%clk 0:39:17]} Rb7
{[%clk 0:18:46]} 23. cxd5 {[%clk 0:38:54]} Nxd5 {[%clk 0:19:01]} 24. Ne4
{[%clk 0:32:34]} Bf8 {[%clk 0:17:09]} 25. Nc4 {[%clk 0:29:16]} Bxa3
{[%clk 0:16:49]} 26. bxa3 {[%clk 0:29:10]} Qf8 {[%clk 0:15:14]} 27. Ncd6
{[%clk 0:28:56]} Nc3 {[%clk 0:14:47]} 28. Qa6 {[%clk 0:26:32]} Nxe4
{[%clk 0:12:55]} 29. Nxc8 {[%clk 0:20:26]} Qxc8 {[%clk 0:12:42]} 30. Rxe4
{[%clk 0:20:42]} Ne7 {[%clk 0:11:11]} 31. Ree1 {[%clk 0:19:01]} Nd5 32. Rc1
{[%clk 0:19:03]} Qd7 {[%clk 0:12:10]} 33. Qa8+ {[%clk 0:18:42]} Kg7
{[%clk 0:12:33]} 34. Qc8 {[%clk 0:18:56]} Qe7 {[%clk 0:12:09]} 35. Rc6
{[%clk 0:17:39]} Rd7 {[%clk 0:12:34]} 36. Qb8 {[%clk 0:16:11]} h6
{[%clk 0:11:06]} 37. Qe5+ {[%clk 0:15:25]} Kh7 {[%clk 0:11:35]} 38. Rc8
{[%clk 0:15:20]} Nf6 {[%clk 0:11:09]} 39. Re3 {[%clk 0:14:56]} Rd5
{[%clk 0:09:52]} 40. Rc7 {[%clk 0:13:40]} Nd7 {[%clk 0:09:29]} 41. Qxd5
{[%clk 0:13:44]} 1-0

[Event "Ïåðâåíñòâî Ìîñêâû ïî øàõìàòàì 2015 ñðåäè ìàëü÷èêîâ (Ì17)"]
[Site "Moscow"]
[Date "2015.11.13"]
[Round "2.9"]
[White "Õìåëåâ, Ìèõàèë"]
[Black "Èñàåâ, Íèêîëàé"]
[Result "1/2-1/2"]
[WhiteElo "2026"]
[BlackElo "1616"]
[PlyCount "0"]
[EventDate "2015.11.12"]


1. e4 {[%clk 1:25:24]} c5 {[%clk 1:30:56]} 2. Nf3 {[%clk 1:25:21]} d6
{[%clk 1:31:20]} 3. d4 {[%clk 1:24:47]} cxd4 {[%clk 1:31:42]} 4. Nxd4
{[%clk 1:25:13]} Nf6 {[%clk 1:32:02]} 5. Nc3 {[%clk 1:25:19]} g6 {[%clk 1:32:26]}
6. f3 {[%clk 1:25:09]} Bg7 {[%clk 1:32:48]} 7. Be3 {[%clk 1:25:34]} O-O
{[%clk 1:33:06]} 8. Qd2 {[%clk 1:25:42]} Nc6 {[%clk 1:33:28]} 9. g4
{[%clk 1:25:59]} Nxd4 {[%clk 1:26:49]} 10. Bxd4 {[%clk 1:26:17]} Qa5
{[%clk 1:24:11]} 11. O-O-O {[%clk 1:25:47]} Be6 {[%clk 1:22:55]} 12. Kb1
{[%clk 1:24:37]} Rfc8 {[%clk 1:21:14]} 13. Nd5 {[%clk 1:24:53]} Qxd2
{[%clk 1:20:14]} 14. Nxf6+ {[%clk 1:23:43]} Bxf6 {[%clk 1:19:44]} 15. Rxd2
{[%clk 1:24:07]} Bxd4 {[%clk 1:17:33]} 16. Rxd4 {[%clk 1:24:33]} g5
{[%clk 1:15:46]} 17. h4 {[%clk 1:24:21]} h6 {[%clk 1:14:06]} 18. Rd2
{[%clk 1:17:08]} Kg7 {[%clk 1:08:06]} 19. Rf2 {[%clk 1:15:19]} Kf6
{[%clk 0:56:51]} 20. Bd3 {[%clk 1:11:18]} Kg7 {[%clk 0:44:51]} 21. e5
{[%clk 0:47:39]} dxe5 {[%clk 0:27:16]} 22. Be4 {[%clk 0:48:01]} Rab8
{[%clk 0:26:44]} 23. hxg5 {[%clk 0:43:37]} Rh8 {[%clk 0:26:10]} 24. gxh6+
{[%clk 0:42:22]} Rxh6 {[%clk 0:26:27]} 25. Rfh2 {[%clk 0:42:50]} Rxh2
{[%clk 0:23:56]} 26. Rxh2 {[%clk 0:41:12]} b6 {[%clk 0:23:31]} 27. Rh7+
{[%clk 0:40:22]} Kf6 {[%clk 0:22:28]} 28. Rh5 {[%clk 0:40:46]} Rg8
{[%clk 0:17:25]} 29. b3 {[%clk 0:40:56]} Rg5 {[%clk 0:16:43]} 30. Rh8
{[%clk 0:41:15]} Bd7 {[%clk 0:14:00]} 31. Ra8 {[%clk 0:39:19]} Bxg4
{[%clk 0:09:56]} 32. fxg4 {[%clk 0:39:15]} Rxg4 {[%clk 0:10:25]} 33. Bc6
{[%clk 0:36:43]} e4 {[%clk 0:10:43]} 34. Kc1 {[%clk 0:35:36]} e3 {[%clk 0:10:49]}
35. Kd1 {[%clk 0:35:32]} Rd4+ {[%clk 0:09:19]} 36. Ke1 {[%clk 0:35:34]} Rd2
{[%clk 0:08:47]} 37. Be4 {[%clk 0:35:55]} Ke5 {[%clk 0:08:48]} 38. Bd3
{[%clk 0:36:22]} Kf4 {[%clk 0:08:25]} 39. Rh8 {[%clk 0:35:16]} f5
{[%clk 0:07:02]} 40. Rh1 {[%clk 0:35:15]} e6 {[%clk 0:05:48]} 41. a4
{[%clk 0:34:14]} a5 {[%clk 0:06:04]} 42. Rh4+ {[%clk 0:33:03]} Kg5
{[%clk 0:05:42]} 43. Rc4 {[%clk 0:33:04]} e5 {[%clk 0:05:37]} 44. Be2
{[%clk 0:21:36]} e4 {[%clk 0:04:52]} 45. c3 {[%clk 0:21:28]} Kf4 {[%clk 0:04:30]}
46. Rc6 {[%clk 0:21:04]} Ke5 {[%clk 0:04:12]} 47. Rc8 {[%clk 0:09:52]} f4
{[%clk 0:03:01]} 48. Re8+ {[%clk 0:07:01]} Kf5 {[%clk 0:02:59]} 49. Rf8+
{[%clk 0:03:29]} Kg5 {[%clk 0:03:17]} 50. Rg8+ {[%clk 0:03:37]} Kf6
{[%clk 0:02:56]} 51. Rf8+ {[%clk 0:01:48]} Kg5 {[%clk 0:03:08]} 52. Rg8+
{[%clk 0:01:29]} Kh6 {[%clk 0:03:36]} 53. Re8 {[%clk 0:01:18]} f3
{[%clk 0:02:22]} 54. Bxf3 {[%clk 0:01:47]} exf3 {[%clk 0:02:42]} 55. Rxe3
{[%clk 0:02:16]} f2+ {[%clk 0:02:43]} 56. Kf1 {[%clk 0:02:03]} Kg5
{[%clk 0:02:07]} 57. Re6 {[%clk 0:01:24]} Kf4 {[%clk 0:01:47]} 58. Kg2
{[%clk 0:01:36]} Rc2 {[%clk 0:01:13]} 59. c4 {[%clk 0:01:52]} Rb2
{[%clk 0:01:24]} 60. Rxb6 {[%clk 0:01:59]} Ke3 {[%clk 0:01:44]} 61. Rb7
{[%clk 0:01:24]} Rb1 {[%clk 0:01:47]} 62. Re7+ {[%clk 0:01:32]} Kd4
{[%clk 0:02:01]} 63. Kxf2 {[%clk 0:01:26]} Rxb3 {[%clk 0:02:24]} 64. Rc7
{[%clk 0:01:48]} Rb4 {[%clk 0:02:08]} 65. c5 {[%clk 0:02:06]} Rxa4
{[%clk 0:02:11]} 66. c6 {[%clk 0:02:32]} Kd5 {[%clk 0:02:32]} 67. Rc8
{[%clk 0:02:55]} 1/2-1/2

[Event "Ïåðâåíñòâî Ìîñêâû ïî øàõìàòàì 2015 ñðåäè ìàëü÷èêîâ (Ì17)"]
[Site "Moscow"]
[Date "2015.11.13"]
[Round "2.10"]
[White "Øîøèí, Áîðèñ"]
[Black "Ñìèðíîâ, Àðòåìèé"]
[Result "1-0"]
[WhiteElo "1981"]
[BlackElo "1529"]
[PlyCount "0"]
[EventDate "2015.11.12"]


1. d4 {[%clk 1:26:47]} Nf6 {[%clk 1:30:54]} 2. c4 {[%clk 1:27:12]} g6
{[%clk 1:31:14]} 3. Nc3 {[%clk 1:27:40]} d5 {[%clk 1:31:39]} 4. cxd5
{[%clk 1:28:05]} Nxd5 {[%clk 1:32:05]} 5. e4 {[%clk 1:28:32]} Nxc3
{[%clk 1:32:29]} 6. bxc3 {[%clk 1:29:00]} Bg7 {[%clk 1:32:52]} 7. Bc4
{[%clk 1:29:25]} c5 {[%clk 1:32:18]} 8. Ne2 {[%clk 1:29:41]} O-O {[%clk 1:32:37]}
9. O-O {[%clk 1:30:06]} Nc6 {[%clk 1:32:06]} 10. Be3 {[%clk 1:30:34]} Na5
{[%clk 1:26:35]} 11. Bd3 {[%clk 1:29:50]} cxd4 {[%clk 1:24:20]} 12. cxd4
{[%clk 1:29:57]} Nc6 {[%clk 1:23:39]} 13. Bc2 {[%clk 1:25:28]} Bg4
{[%clk 1:21:35]} 14. f3 {[%clk 1:25:45]} Bd7 {[%clk 1:21:49]} 15. Rb1
{[%clk 1:24:48]} b5 {[%clk 1:17:23]} 16. d5 {[%clk 1:12:53]} Ne5 {[%clk 1:13:53]}
17. Bd4 {[%clk 1:11:47]} Qa5 {[%clk 1:10:14]} 18. Bb3 {[%clk 1:04:38]} Rac8
{[%clk 1:03:12]} 19. Rc1 {[%clk 0:59:08]} Qb4 {[%clk 0:56:15]} 20. Bxa7
{[%clk 0:53:18]} Nc4 {[%clk 0:52:29]} 21. Rc2 {[%clk 0:39:30]} e6
{[%clk 0:40:48]} 22. Bd4 {[%clk 0:32:07]} Bxd4+ {[%clk 0:34:42]} 23. Qxd4
{[%clk 0:32:23]} exd5 {[%clk 0:29:12]} 24. Nf4 {[%clk 0:29:26]} Qc5
{[%clk 0:18:27]} 25. Qxc5 {[%clk 0:28:47]} Rxc5 {[%clk 0:18:50]} 26. Nxd5
{[%clk 0:28:13]} Be6 {[%clk 0:18:28]} 27. a4 {[%clk 0:24:55]} Bxd5
{[%clk 0:11:24]} 28. exd5 {[%clk 0:25:14]} Rxd5 {[%clk 0:10:38]} 29. axb5
{[%clk 0:25:16]} Ne3 {[%clk 0:10:21]} 30. Rc3 {[%clk 0:07:19]} Re5
{[%clk 0:09:46]} 31. Re1 {[%clk 0:07:33]} Rfe8 {[%clk 0:09:59]} 32. Rc7
{[%clk 0:07:34]} Rg5 {[%clk 0:04:24]} 33. Bxf7+ {[%clk 0:06:33]} 1-0

[Event "Ïåðâåíñòâî Ìîñêâû ïî øàõìàòàì 2015 ñðåäè"]
[Site "Moscow"]
[Date "2015.11.13"]
[Round "2.11"]
[White "Àõìåòîâ, Ãàçèç."]
[Black "Ñû÷åâ, Äàíèèë."]
[Result "0-1"]
[WhiteElo "1649"]
[BlackElo "1955"]
[PlyCount "96"]
[EventDate "2015.11.12"]

1. d4 d5 2. Nc3 e6 3. e4 Bb4 4. Bd3 c5 5. exd5 Qxd5 6. Nf3 cxd4 7. Nxd4 Qxg2 8.
Qf3 Qxf3 9. Nxf3 Bxc3+ 10. bxc3 Ne7 11. Ba3 Nbc6 12. Nd4 Nxd4 13. cxd4 Bd7 14.
Rg1 g6 15. Be4 Bc6 16. Bxe7 Kxe7 17. Bxc6 bxc6 18. Rb1 Rab8 19. Kd2 Kd6 20. Rb3
Rb6 21. f4 Rhb8 22. Kc3 c5 23. Rg5 Rc8 24. Rg2 cxd4+ 25. Kxd4 Rc5 26. Rf2 Rd5+
27. Ke4 f5+ 28. Ke3 e5 29. c4 Rd4 30. fxe5+ Kxe5 31. Rc3 Re4+ 32. Kd3 Rd6+ 33.
Kc2 g5 34. c5 Rc6 35. Kd3 Rd4+ 36. Ke2 Rd5 37. Rcf3 Kf6 38. Ra3 a6 39. Rff3
Rdxc5 40. Rfd3 Rc2+ 41. Rd2 Rxd2+ 42. Kxd2 h5 43. Rb3 g4 44. Rb8 f4 45. Rh8 Kg5
46. Rg8+ Kh4 47. Rf8 f3 48. Rh8 Re6 0-1

[Event "Ïåðâåíñòâî Ìîñêâû ïî øàõìàòàì 2015 ñðåäè"]
[Site "Moscow"]
[Date "2015.11.13"]
[Round "2.12"]
[White "Øåâåëåâ, Àëåêñàíäð."]
[Black "Êàðàñåíè, Èâàí."]
[Result "0-1"]
[WhiteElo "1496"]
[BlackElo "1916"]
[PlyCount "108"]
[EventDate "2015.11.12"]

1. d4 Nf6 2. c4 g6 3. Nc3 Bg7 4. Nf3 O-O 5. e4 d6 6. Be2 e5 7. O-O Nc6 8. d5
Ne7 9. Ne1 Ne8 10. Nd3 f5 11. Bd2 f4 12. Bg4 g5 13. Bxc8 Qxc8 14. f3 Ng6 15. c5
h5 16. cxd6 cxd6 17. h3 Qd8 18. Nf2 Nh4 19. Rc1 Rf6 20. Nb5 a6 21. Na3 Rh6 22.
Rc3 Qf6 23. Qe2 Ng6 24. Rfc1 Ne7 25. Nc4 Kh7 26. Nb6 Rd8 27. a4 Qg6 28. a5 Ng8
29. Rc8 Rxc8 30. Rxc8 Nef6 31. Bb4 g4 32. fxg4 hxg4 33. hxg4 Rh4 34. Rc3 Nxg4
35. Nxg4 Rxg4 36. Nc4 f3 37. Qxf3 Rxe4 38. Bxd6 Rxc4 39. Rxc4 Qxd6 40. Qe4+ Kh8
41. b4 Qd7 42. Qd3 Nf6 43. d6 Ne8 44. Qh3+ Qxh3 45. gxh3 Nxd6 46. Rc7 Kg8 47.
Rd7 Bf8 48. Kf1 e4 49. Ke2 Nb5 50. Rxb7 Bxb4 51. Ke3 Nc3 52. Rxb4 Nd5+ 53. Kxe4
Nxb4 54. Kd4 Nc6+ 0-1

[Event "Ïåðâåíñòâî Ìîñêâû ïî øàõìàòàì 2015 ñðåäè"]
[Site "Moscow"]
[Date "2015.11.13"]
[Round "2.13"]
[White "Óòðîáèí, Åãîð."]
[Black "Àíòîíÿí, Ãðàíò."]
[Result "0-1"]
[WhiteElo "1674"]
[BlackElo "2005"]
[PlyCount "112"]
[EventDate "2015.11.12"]

1. d4 d5 2. e3 Nf6 3. Bd3 e6 4. Nd2 c5 5. c3 Bd6 6. Ngf3 Nc6 7. O-O O-O 8. e4
cxd4 9. Nxd4 Qb6 10. exd5 Nxd4 11. Nc4 Qc7 12. Nxd6 Qxd6 13. dxe6 Bxe6 14. cxd4
Ng4 15. g3 Rad8 16. Be3 h5 17. Be2 Rfe8 18. Qd2 Bf5 19. Rae1 Qd5 20. Bf4 Qxa2
21. Bf3 Qb3 22. Qc3 Qb5 23. Bxg4 Bxg4 24. Re3 Rxe3 25. Bxe3 Bh3 26. Qc1 Bxf1
27. Qxf1 Qxf1+ 28. Kxf1 Rc8 29. Bd2 Rc4 30. Bc3 b5 31. d5 b4 32. Be5 Rc5 33.
Bd6 Rxd5 34. Bxb4 Re5 35. Bc3 Re6 36. Kg2 g6 37. h3 f5 38. Kf3 Kf7 39. Kf4 Re4+
40. Kg5 Re2 41. f3 a6 42. Kf4 Rh2 43. h4 Rg2 44. Bh8 a5 45. Bc3 a4 46. Be5 Ke6
47. Bh8 Kd5 48. Bg7 Kc4 49. Be5 Kb3 50. Kg5 Rxb2 51. Bd6 Rc2 52. g4 fxg4 53.
fxg4 hxg4 54. Kxg4 Rc6 55. Bf8 a3 56. Bxa3 Kxa3 0-1

[Event "Ïåðâåíñòâî Ìîñêâû ïî øàõìàòàì 2015 ñðåäè"]
[Site "Moscow"]
[Date "2015.11.13"]
[Round "2.14"]
[White "Ïàâëåíêî, Àëåêñåé."]
[Black "Òåðòû÷íûé, Äìèòðèé."]
[Result "1-0"]
[WhiteElo "1918"]
[BlackElo "1704"]
[PlyCount "73"]
[EventDate "2015.11.12"]

1. d4 d5 2. c4 e6 3. Nc3 Be7 4. Nf3 Nf6 5. Bg5 O-O 6. e3 h6 7. Bh4 b6 8. Bxf6
Bxf6 9. cxd5 exd5 10. b4 c5 11. bxc5 bxc5 12. Rc1 cxd4 13. Nxd4 Ba6 14. Bxa6
Nxa6 15. O-O Qd7 16. Ncb5 Rac8 17. Qa4 Bxd4 18. exd4 Rxc1 19. Rxc1 Qb7 20. h3
Rb8 21. Nd6 Qb2 22. Re1 Qb4 23. Re8+ Rxe8 24. Qxe8+ Kh7 25. Qe5 Qb1+ 26. Kh2
Qb2 27. Qf5+ Kg8 28. Qxf7+ Kh8 29. Qf8+ Kh7 30. Qf5+ g6 31. Qd7+ Kg8 32. Qc8+
Kg7 33. Qxa6 Qxd4 34. Qb7+ Kf6 35. Qf7+ Kg5 36. g3 Qd2 37. Qe7+ 1-0

[Event "Ïåðâåíñòâî Ìîñêâû ïî øàõìàòàì 2015 ñðåäè"]
[Site "Moscow"]
[Date "2015.11.13"]
[Round "2.15"]
[White "Ñàâåëüåâ, Àðòåì."]
[Black "Áîðèñåíêî, Ñàâåëèé."]
[Result "1-0"]
[WhiteElo "1899"]
[BlackElo "1642"]
[PlyCount "97"]
[EventDate "2015.11.12"]

1. Nf3 c6 2. b3 d5 3. Bb2 Bg4 4. e3 Nd7 5. h3 Bh5 6. d4 Ngf6 7. Nbd2 Ne4 8. Be2
Bg6 9. O-O e6 10. Nxe4 Bxe4 11. Nd2 Bg6 12. c4 Be7 13. c5 O-O 14. Bc3 Bf6 15.
f4 Nxc5 16. Bb4 b6 17. dxc5 Bxa1 18. Qxa1 Re8 19. Nf3 Bh5 20. g4 Bg6 21. Qd4 b5
22. Bd3 Bxd3 23. Qxd3 Qf6 24. Ne5 Qh4 25. Kg2 Rac8 26. Bc3 f6 27. Nf3 Qh6 28.
g5 fxg5 29. fxg5 Qh5 30. Be5 Rf8 31. Qd4 Qg6 32. Rf2 h6 33. h4 hxg5 34. hxg5
Rf5 35. Bf4 Qh5 36. Kg3 Qh1 37. Rh2 Qf1 38. Qb2 Rcf8 39. Qg2 Qc1 40. Qc2 Qf1
41. Rf2 Qh1 42. Rh2 Qf1 43. Qg2 Qc1 44. Qh1 Qxc5 45. g6 Rg5+ 46. Nxg5 Qxe3+ 47.
Bxe3 Rf3+ 48. Qxf3 d4 49. Qf7# 1-0

[Event "Ïåðâåíñòâî Ìîñêâû ïî øàõìàòàì 2015 ñðåäè"]
[Site "Moscow"]
[Date "2015.11.13"]
[Round "2.16"]
[White "Ðîìàøèí, Äåíèñ."]
[Black "Ôèíêåëüøòåéí, Àëåêñàíäð."]
[Result "1-0"]
[WhiteElo "1820"]
[BlackElo "1616"]
[PlyCount "63"]
[EventDate "2015.11.12"]

1. e4 e6 2. d4 d5 3. exd5 exd5 4. Nf3 Bd6 5. Bd3 Nf6 6. O-O O-O 7. Bg5 Bg4 8.
h3 Bh5 9. Re1 h6 10. Bh4 Nbd7 11. Nbd2 c6 12. c3 Qc7 13. Bxf6 Nxf6 14. Qc2 Bxf3
15. Nxf3 Rfe8 16. Rad1 b5 17. Rd2 b4 18. c4 c5 19. cxd5 Rxe1+ 20. Nxe1 Bf4 21.
Re2 cxd4 22. Nf3 Qb6 23. Qc4 Rd8 24. Nxd4 Rxd5 25. Qxd5 Qd6 26. Qa8+ Qb8 27.
Qxb8+ Bxb8 28. Nc6 Bd6 29. Nxa7 Bc5 30. Rc2 Bxa7 31. Rc8+ Ne8 32. Rxe8# 1-0

[Event "Ïåðâåíñòâî Ìîñêâû ïî øàõìàòàì 2015 ñðåäè"]
[Site "Moscow"]
[Date "2015.11.13"]
[Round "2.17"]
[White "Øèðîêîâ, Àíäðåé."]
[Black "Ìõèòàðÿí, Àðñåí."]
[Result "0-1"]
[WhiteElo "1633"]
[BlackElo "1776"]
[PlyCount "42"]
[EventDate "2015.11.12"]

1. e4 Nf6 2. e5 Nd5 3. d4 d6 4. exd6 Qxd6 5. c4 Nf6 6. Nc3 c6 7. Be3 Bf5 8. Nf3
Nbd7 9. h3 e5 10. d5 cxd5 11. Nb5 Qb4+ 12. Bd2 Qc5 13. cxd5 Nxd5 14. Rc1 Qb6
15. Qb3 Be6 16. Bc4 Bc5 17. Bxd5 Bxd5 18. Qxd5 Qxb5 19. Nxe5 Bxf2+ 20. Kxf2
Qxd5 21. Nxd7 Qxd2+ 0-1

[Event "Ïåðâåíñòâî Ìîñêâû ïî øàõìàòàì 2015 ñðåäè"]
[Site "Moscow"]
[Date "2015.11.13"]
[Round "2.18"]
[White "Ñèíÿâèí, Ðîìàí."]
[Black "Ìåòåëåâ, Áîðèñ."]
[Result "0-1"]
[WhiteElo "1625"]
[BlackElo "1756"]
[PlyCount "66"]
[EventDate "2015.11.12"]

1. e4 e5 2. Nf3 Nc6 3. d4 exd4 4. Nxd4 Bc5 5. Be3 Qf6 6. c3 Nge7 7. Bc4 d6 8.
O-O Ne5 9. Nd2 O-O 10. Nc2 Nxc4 11. Nxc4 Be6 12. Nd2 Nc6 13. Qh5 Ne5 14. h3 Nd3
15. Bxc5 dxc5 16. Nf3 Nf4 17. Qg5 Nxh3+ 18. gxh3 Qxf3 19. Kh2 Qxh3+ 20. Kg1 Bg4
21. Ne1 Be2 22. Ng2 Bxf1 23. Rxf1 Qf3 24. Ne3 h6 25. Qxc5 Qxe4 26. Nf5 Rae8 27.
Ng3 Qe5 28. Qb4 Qd5 29. Qf4 Re5 30. Qh4 f5 31. c4 Qc5 32. Rd1 f4 33. Nf1 Rg5+
0-1

[Event "Ïåðâåíñòâî Ìîñêâû ïî øàõìàòàì 2015 ñðåäè"]
[Site "Moscow"]
[Date "2015.11.13"]
[Round "2.19"]
[White "Õóäÿêîâ, Ñòàíèñëàâ."]
[Black "Êàäûêîâ, Àëåêñàíäð."]
[Result "1-0"]
[WhiteElo "1750"]
[BlackElo "1612"]
[PlyCount "85"]
[EventDate "2015.11.12"]

1. e4 d6 2. d4 Nf6 3. Nc3 g6 4. f3 c6 5. Be3 b5 6. Qd2 Qc7 7. a3 a6 8. Nge2
Nbd7 9. g4 Nb6 10. Ng3 h5 11. g5 Nfd7 12. h4 Bg7 13. f4 Bb7 14. Rg1 Rd8 15. Qf2
c5 16. d5 Rc8 17. Be2 Rf8 18. Rb1 b4 19. Nd1 Na4 20. Kf1 a5 21. Bb5 Nab6 22. a4
Kd8 23. Qe2 e6 24. dxe6 fxe6 25. Nf2 d5 26. e5 c4 27. Nxh5 Bxe5 28. Bxb6 Qxb6
29. Bxd7 Kxd7 30. Qxe5 gxh5 31. g6 Rg8 32. g7 Qd6 33. Qd4 Ra8 34. Rd1 Ba6 35.
c3 b3 36. Qf6 Qe7 37. Qh6 Kc6 38. f5 Kd6 39. f6 Qf7 40. Ne4+ Ke5 41. Qg5+ Kxe4
42. Re1+ Kd3 43. Qe3+ 1-0

[Event "Ïåðâåíñòâî Ìîñêâû ïî øàõìàòàì 2015 ñðåäè"]
[Site "Moscow"]
[Date "2015.11.13"]
[Round "2.20"]
[White "Ñåäîâ, Ìàðê."]
[Black "Ãåéâîíäÿí, Àðñåí."]
[Result "0-1"]
[WhiteElo "1610"]
[BlackElo "1743"]
[PlyCount "76"]
[EventDate "2015.11.12"]

1. d4 d5 2. c4 e6 3. cxd5 exd5 4. Nc3 Nf6 5. Bg5 Be7 6. e3 O-O 7. Nf3 c6 8. Bd3
Ne4 9. Bxe7 Qxe7 10. Bxe4 dxe4 11. Nd2 f5 12. O-O Be6 13. Qc2 Nd7 14. f3 exf3
15. Rxf3 Nf6 16. e4 fxe4 17. Ndxe4 Nd5 18. Raf1 Rxf3 19. Rxf3 Re8 20. Rf1 Ne3
21. Qe2 Nxf1 22. Kxf1 Bd5 23. Ng3 Qxe2+ 24. Ngxe2 Bc4 25. b3 Bxe2+ 26. Nxe2 Kf7
27. Kf2 Ke6 28. Nc3 Kd6 29. g3 a6 30. b4 a5 31. b5 c5 32. d5 Re5 33. a4 Rxd5
34. Nxd5 Kxd5 35. Ke3 Kc4 36. h4 Kb3 37. g4 c4 38. h5 c3 0-1

[Event "Ïåðâåíñòâî Ìîñêâû ïî øàõìàòàì 2015 ñðåäè"]
[Site "Moscow"]
[Date "2015.11.13"]
[Round "2.21"]
[White "Àáäóëëàåâ, Ýëü÷èí."]
[Black "Êîðíååíêî, Àëåêñåé."]
[Result "1-0"]
[WhiteElo "1731"]
[BlackElo "1557"]
[PlyCount "59"]
[EventDate "2015.11.12"]

1. e4 c5 2. Nf3 d6 3. Bb5+ Bd7 4. Bxd7+ Qxd7 5. O-O g6 6. c3 Bg7 7. d4 cxd4 8.
cxd4 Nc6 9. Nc3 Nf6 10. h3 O-O 11. Be3 Rac8 12. Qd2 a6 13. Rac1 b5 14. d5 Na5
15. b3 Nb7 16. e5 dxe5 17. Nxe5 Qd6 18. Bf4 Qb6 19. Nc6 Rfe8 20. Be3 Qc7 21.
Na7 Rcd8 22. Ncxb5 Qe5 23. Nc7 Rf8 24. Bf4 Qf5 25. Nc6 Rd7 26. Rfe1 Nh5 27. Bh2
Nf6 28. Nxe7+ Rxe7 29. Rxe7 Ne4 30. Qf4 1-0

[Event "Ïåðâåíñòâî Ìîñêâû ïî øàõìàòàì 2015 ñðåäè"]
[Site "Moscow"]
[Date "2015.11.13"]
[Round "2.22"]
[White "Ìèíàøêèí, Èãîðü."]
[Black "Ìàçàåâ, Ðîìàí."]
[Result "0-1"]
[WhiteElo "1556"]
[BlackElo "1726"]
[PlyCount "68"]
[EventDate "2015.11.12"]

1. d4 d5 2. c4 e6 3. Nc3 Nf6 4. cxd5 exd5 5. Bg5 Nbd7 6. e3 c6 7. Bd3 Qc7 8.
Qc2 h6 9. Bh4 Bd6 10. Nf3 O-O 11. O-O b6 12. Rab1 Bb7 13. b4 a5 14. a3 axb4 15.
axb4 Ra7 16. Rfc1 g5 17. Bg3 Bxg3 18. hxg3 Qd6 19. Qb2 b5 20. Ne2 Rfa8 21. Rc2
Nb6 22. Ne5 Nfd7 23. f4 Nc4 24. Bxc4 bxc4 25. Nc3 Nxe5 26. dxe5 Qe6 27. Qc1 Qg4
28. Kf2 gxf4 29. exf4 Bc8 30. Qd1 Qxd1 31. Rxd1 Bf5 32. Rb2 Ra3 33. Ne2 c3 34.
Rbb1 c2 0-1

[Event "Ïåðâåíñòâî Ìîñêâû ïî øàõìàòàì 2015 ñðåäè"]
[Site "Moscow"]
[Date "2015.11.13"]
[Round "2.23"]
[White "Âåðøèíèí, Èâàí."]
[Black "Ìàõìóäîâ, Äæîðäæ."]
[Result "1-0"]
[WhiteElo "1707"]
[BlackElo "1404"]
[PlyCount "79"]
[EventDate "2015.11.12"]

1. d4 Nf6 2. c4 g6 3. Nc3 Bg7 4. Nf3 d6 5. g3 O-O 6. Bg2 Bf5 7. O-O Ne4 8. Nh4
Nxc3 9. bxc3 Bc8 10. e4 Nc6 11. f4 e5 12. fxe5 dxe5 13. d5 Ne7 14. Ba3 b6 15.
c5 Qd7 16. c6 Qd8 17. Qa4 f5 18. Rad1 Rf6 19. d6 cxd6 20. exf5 Qc7 21. fxg6 Bf5
22. gxh7+ Kxh7 23. Nxf5 Nxf5 24. Be4 Kg6 25. g4 Bh6 26. Rxf5 Be3+ 27. Kg2 Raf8
28. Rdf1 Rxf5 29. Rxf5 Rxf5 30. Bxf5+ Kh6 31. Qc4 Kg5 32. Qg8+ Kf4 33. Bd7 b5
34. Qf7+ Kg5 35. Qf5+ Kh6 36. Qf6+ Kh7 37. Bf5+ Kg8 38. Qxd6 Qxd6 39. Bxd6 Bb6
40. c7 1-0